[Event "Classic"]
[Site "Queenstown NZL"]
[Date "2006.01.16"]
[Round "2"]
[White "Hecht,HJ"]
[Black "Shanmugam,R"]
[Result "1/2-1/2"]
[WhiteElo "2388"]
[BlackElo "2122"]

1.d4 d5 2.c4 c6 3.Nf3 dxc4 4.e3 b5 5.a4 e6 6.axb5 cxb5 7.b3 Bb4+ 8.Bd2 Bxd2+
9.Nbxd2 a5 10.bxc4 b4 11.Bd3 Nf6 12.Qc2 h6 13.e4 O-O 14.e5 Ne8 15.O-O Bb7
16.Bh7+ Kh8 17.Be4 Qc7 18.Nb3 a4 19.Nc5 b3 20.Qe2 Bxe4 21.Qxe4 Ra5 22.Rxa4 Rxa4
23.Nxa4 Qxc4 24.Nc5 Nc7 25.Qb7 Nb5 26.Nd2 Qxd4 27.Ndxb3 Qc4 28.Qf3 Nd4 29.Nxd4 Qxc5
30.Qe4 Nd7 31.Nf3  1/2-1/2

[Event "Open A"]
[Site "Prague CZE"]
[Date "2006.01.19"]
[Round "8"]
[White "Gross,G"]
[Black "Veres,An"]
[Result "1/2-1/2"]
[WhiteElo "2305"]
[BlackElo "2137"]

1.d4 d5 2.Nf3 Nf6 3.g3 c6 4.c4 Bf5 5.Nc3 e6 6.Qb3 Qb6 7.c5 Qxb3 8.axb3 Be7
9.b4 O-O 10.Nh4 Bg6 11.Nxg6 hxg6 12.Bg5 Na6 13.b5 cxb5 14.Nxb5 Nb4 15.Ra4 Nc6
16.e3 b6 17.b4 a5 18.Nc7 Rac8 19.Na6 Nxb4 20.Nxb4 axb4 21.Ba6 bxc5 22.Bxc8 Rxc8
23.dxc5 Bxc5 24.Bxf6 gxf6 25.Ke2  1/2-1/2

[Event "Corus B"]
[Site "Wijk aan Zee NED"]
[Date "2006.01.21"]
[Round "7"]
[White "L'Ami,E"]
[Black "Smeets,J"]
[Result "1/2-1/2"]
[WhiteElo "2550"]
[BlackElo "2550"]

1.d4 d5 2.c4 c6 3.Nf3 Nf6 4.Qc2 e6 5.Bg5 Nbd7 6.e3 Be7 7.Nbd2 O-O 8.Bd3 h6
9.Bh4 c5 10.O-O b6 11.cxd5 Nxd5 12.Bxe7 Qxe7 13.Bb5 cxd4 14.Nxd4 Bb7 15.Rac1  1/2-1/2

[Event "Gibtelecom Masters"]
[Site "Gibraltar ENG"]
[Date "2006.01.27"]
[Round "4"]
[White "Agrest,E"]
[Black "Shirov,A"]
[Result "1/2-1/2"]
[WhiteElo "2591"]
[BlackElo "2709"]

1.d4 d5 2.Nf3 c6 3.c4 Nf6 4.Qb3 dxc4 5.Qxc4 Bg4 6.Nbd2 Nbd7 7.g3 e6 8.Bg2 Be7
9.Ne5 Bh5 10.Ndf3 Qa5+ 11.Bd2 Qd5 12.Qxd5 exd5 13.Bh3 Nb6 14.b3 Ne4 15.Ba5 f6
16.Nd3 Bxf3 17.exf3 Ng5 18.Bg2 Ne6 19.Bc3 Ba3 20.O-O Kf7 21.f4 a5 22.Rae1 Nc7
23.Bh3 Rhe8 24.Rxe8 Nxe8 25.Ne1 Bb4 26.Bb2 a4 27.Nd3 Be7 28.Re1 Nd6 29.Be6+ Kf8
30.f5 Ne4 31.Re2 axb3 32.axb3 Ba3 33.Bxa3+ Rxa3 34.Nc5 Nxc5 35.dxc5 Na8 36.Re3 Ra5
37.Bc8 Nc7 38.Bxb7 Rxc5 39.Kg2 Nb5 40.Ba6 d4 41.Re4 d3 42.Bxb5 Rxb5 43.Kf3 Rxb3
44.Ke3 Rb5 45.Kxd3 Rxf5 46.f4 Rd5+ 47.Ke3 Kf7 48.Rc4 c5 49.Ra4 h5 50.Ra7+ Kg6
51.Rc7 Kh6 52.h3 f5 53.Rc6+ Kh7 54.h4 Kg8 55.Rc7 Kf8 56.Ke2 g6 57.Rc6 Kf7
58.Ke3 Ke7 59.Rxg6 c4 60.Rc6 Rd3+ 61.Ke2 Rc3 62.Rc5 Ke6 63.Re5+ Kf6 64.Rc5  1/2-1/2

[Event "Winter Open"]
[Site "Belgrade SCG"]
[Date "2006.01.28"]
[Round "8"]
[White "Milicevic I,P"]
[Black "Jeremic,M BIH"]
[Result "1-0"]
[WhiteElo "2169"]
[BlackElo "2247"]

1.Nf3 d5 2.d4 Nf6 3.c4 c6 4.g3 g6 5.Bg2 Bg7 6.O-O O-O 7.Ne5 Nbd7 8.f4 dxc4
9.Nxc4 Nb6 10.Ne5 Ng4 11.Nc3 Nxe5 12.fxe5 Bg4 13.h3 Be6 14.e4 Qd7 15.Kh2 Rad8
16.Be3 Nc4 17.Bf2 Qc7 18.Qe2 Bxe5 19.dxe5 Rd2 20.Qe1 Rxb2 21.Rd1 Qxe5 22.Bd4 Qh5
23.Rf2 c5 24.Be3 Rxf2 25.Bxf2 Ne5 26.Rd2 Bxh3 27.Kg1 g5 28.Nd5 Bxg2 29.Kxg2 Re8
30.Bxc5 Qf3+ 31.Kg1 Nd3 32.Qe3 Qxe3+ 33.Bxe3 Ne5 34.Rc2 g4 35.Rc7 Nf3+ 36.Kf2 Kg7
37.Rxb7 e6 38.Nc7 Re7 39.Bc5  1-0

[Event "Gibtelecom Masters"]
[Site "Gibraltar ENG"]
[Date "2006.01.29"]
[Round "6"]
[White "Agrest,E"]
[Black "Al Sayed,Mohamad"]
[Result "0-1"]
[WhiteElo "2591"]
[BlackElo "2470"]

1.d4 d5 2.Nf3 Nf6 3.c4 c6 4.Qb3 dxc4 5.Qxc4 Bf5 6.g3 Nbd7 7.Nc3 e6 8.Bg2 Be7
9.O-O O-O 10.Re1 Ne4 11.Qb3 Qb6 12.Nh4 Qxb3 13.axb3 Bb4 14.g4 Nxc3 15.gxf5 Nb5
16.Rd1 e5 17.dxe5 Nxe5 18.Bf4 f6 19.e3 a5 20.Bf1 Nd6 21.Kg2 Rad8 22.Be2 Kf7
23.Rac1 Rd7 24.Bg3 Ke7 25.Rd4 Rfd8 26.f4 Nef7 27.e4 c5 28.Rd3 Nxe4 29.Re3 Nd6
30.Rc4 Kf8 31.Rcxe4 Nxe4 32.Rxe4 Rd2 33.Kf3 Rxb2 34.Bc4 Rd4 35.Rxd4 cxd4
36.Ke4 Bc3 37.Nf3 b5 38.Bxb5 Rxb3 39.Bc4 Rb2 40.Nxd4 a4 41.Ne2 Bb4 42.Bf2 a3
43.Bd4 Rb1 44.Kd3 Rd1+ 45.Kc2 Rf1 46.Kb3 Bd6 47.Bc3 Rh1 48.Nd4 Rxh2 49.Ne6+ Ke7
50.Nxg7 Rh3 51.Kc2 Bxf4 52.Ne6 Be5 53.Bb4+ Bd6 54.Ba5 Rh2+ 55.Kd3 Be5 56.Bb4+ Kd7
57.Nf8+ Kc6 58.Bxa3 Rh3+ 59.Ke2 Rxa3 60.Nxh7 Ra8 61.Bf7 Kc5 62.Kf3 Kd4 63.Bg6 Ra3+
64.Kg4 Ke4 65.Nf8 Rg3+ 66.Kh4 Rg1 67.Ne6 Rh1+ 68.Kg4 Bd6 69.Ng7 Bc5 70.Nh5 Rg1+
71.Kh3 Kf3 72.Kh2 Re1  0-1

[Event "Gibtelecom Masters"]
[Site "Gibraltar ENG"]
[Date "2006.01.31"]
[Round "8"]
[White "Borchgrevink,H"]
[Black "Groffen,H"]
[Result "1-0"]
[WhiteElo "2265"]
[BlackElo "2185"]

1.d4 d5 2.Nf3 Nf6 3.c4 c6 4.Qc2 e6 5.g3 Nbd7 6.Bg2 Ne4 7.O-O Bd6 8.b3 Qe7
9.a4 O-O 10.a5 f5 11.Ba3 Bxa3 12.Nxa3 Ndf6 13.Qb2 Bd7 14.Nc2 Rac8 15.Ne5 Be8
16.Ne1 Nd7 17.Nxd7 Bxd7 18.Nd3 Nf6 19.Rfc1 g5 20.Qd2 h6 21.Ne5 Kg7 22.a6 b6
23.b4 Rfd8 24.Qb2 Be8 25.Rc2 Nd7 26.Nd3 Qf6 27.Rac1 Nb8 28.cxd5 exd5 29.b5 Qe6
30.Ne5 Kf6 31.f4 g4 32.Qa3 Bd7 33.Kf2 h5 34.Rc3 Kg7 35.bxc6 Bxc6 36.Nxc6  1-0

[Event "Open"]
[Site "Moscow RUS"]
[Date "2006.01.31"]
[Round "3"]
[White "Ogloblin,N"]
[Black "Amonatov,F"]
[Result "0-1"]
[WhiteElo "2412"]
[BlackElo "2564"]

1.d4 Nf6 2.Nf3 d5 3.c4 c6 4.Qc2 g6 5.Bf4 Bg7 6.e3 O-O 7.Nc3 Na6 8.a3 c5 9.Rd1 Qa5
10.cxd5 Nxd5 11.Be5 cxd4 12.exd4 Bf5 13.Qb3 Nac7 14.Be2 Be6 15.Bxg7 Kxg7
16.Ng5 Bd7 17.h4 Rac8 18.Bc4 Nxc3 19.Qxc3 Qxc3+ 20.bxc3 Ne8 21.Bd5 Rxc3 22.Bxb7 Nd6
23.Ne4 Nxe4 24.Bxe4 Rxa3 25.Kd2 Ra2+ 26.Ke3 f5 27.Bd5 f4+ 28.Kf3 Ra3+ 29.Ke4 f3
30.g3 Bf5+ 31.Ke5 Ra5 32.Ra1 Rb5 33.Rxa7 Rd8 34.Rxe7+ Kh6 35.Kf4 Rbxd5 36.Kxf3 Rxd4
37.Rc1 Rd3+ 38.Kg2  0-1

[Event "3rd ch-Mediterranean"]
[Site "Antalya TUR"]
[Date "2006.02.01"]
[Round "1"]
[White "Borg,A"]
[Black "Atalik,E"]
[Result "0-1"]
[WhiteElo "2151"]
[BlackElo "2399"]

1.d4 d5 2.Nf3 Nf6 3.c4 c6 4.Qc2 dxc4 5.Qxc4 Bg4 6.Ne5 Be6 7.Qd3 Nbd7 8.Nf3 Bg4
9.Nc3 e6 10.g3 Nc5 11.Qe3 Bxf3 12.exf3 Ncd7 13.Bg2 Be7 14.O-O O-O 15.Qe2 Nd5
16.f4 Bf6 17.Be3 g6 18.Rfd1 Qa5 19.Ne4 Bg7 20.a3 N7f6 21.Nc5 b6 22.Nd3 Qb5
23.Rac1 Rac8 24.Bf1 Ne7 25.Qc2 Qh5 26.Ne5 Ng4 27.Nxg4 Qxg4 28.Bg2 Nd5 29.Re1 Nxe3
30.fxe3 c5 31.dxc5 bxc5 32.Qe2 Qxe2 33.Rxe2 Rfd8 34.Rec2 Rd3 35.b4 Rxe3 36.bxc5 Bd4
37.Kf1 Rxa3 38.c6 Rc7 39.Rd1 Bb6 40.Rb1 Rd3 41.Ke2 Rd6 42.Rd2 Rdxc6 43.Bxc6 Rxc6
44.Rdb2 Kg7 45.Kf3 h6 46.Ra2 g5 47.Rb5 f5 48.Re2 Kf6 49.Rb3 Rc1 50.h3 Rc4
51.fxg5+ hxg5 52.Rd3 Bd4 53.Ra2 e5 54.Ra6+ Kf7 55.Rb3 e4+ 56.Ke2 Bb6 57.Ra2 f4
58.gxf4 gxf4 59.Rab2 f3+ 60.Kd2 Rc6 61.Rb1 Rd6+ 62.Ke1 e3 63.Rd1 f2+  0-1

[Event "3rd ch-Mediterranean"]
[Site "Antalya TUR"]
[Date "2006.02.01"]
[Round "1"]
[White "Sorensen,To"]
[Black "Al Jaabari,O"]
[Result "1-0"]
[WhiteElo "2368"]
[BlackElo "2030"]

1.Nf3 d5 2.d4 Nf6 3.c4 c6 4.Qc2 Bg4 5.Ne5 Bh5 6.Qb3 Qb6 7.c5 Qc7 8.Bf4 Qc8
9.Nc3 Nbd7 10.Nxd7 Qxd7 11.e3 e6 12.Qa4 Be7 13.b4 O-O 14.b5 Bg6 15.bxc6 bxc6
16.h3 Rfc8 17.Ba6 Re8 18.O-O Bd8 19.Rfd1 Bc7 20.Bb7 Bxf4 21.Bxc6 Qc7 22.exf4 Qxf4
23.Rac1 Rab8 24.Ne2 Qg5 25.Bxe8 Rb2 26.Bb5 Be4 27.Ng3 h5 28.Nxe4 Nxe4 29.Rc2 Nxf2
30.Rxb2 Nxh3+ 31.Kh2 Nf4 32.Qb3 Qg4 33.Qf3  1-0

[Event "TCh-FRA Top 16 Gp A"]
[Site "Clichy FRA"]
[Date "2006.02.03"]
[Round "1"]
[White "Cramling,P"]
[Black "Govciyan,P"]
[Result "1-0"]
[WhiteElo "2515"]
[BlackElo "2368"]

1.Nf3 d5 2.d4 c6 3.c4 dxc4 4.e3 Be6 5.Nc3 b5 6.a4 b4 7.Ne4 Nf6 8.Ng3 Bd5
9.Qc2 e6 10.Bxc4 Nbd7 11.e4 Bxc4 12.Qxc4 c5 13.Be3 cxd4 14.Bxd4 Be7 15.O-O O-O
16.a5 Qc8 17.Rfc1 a6 18.Qc7 Rd8 19.Bb6 Qb8 20.Nd4 Bd6 21.Qxd8+ Qxd8 22.Bxd8 Rxd8
23.Nc6 Ra8 24.Rc4 h5 25.Rd1 Bf8 26.Nxh5  1-0

[Event "TCh-NED 2005-6"]
[Site "Netherlands NED"]
[Date "2006.02.04"]
[Round "6"]
[White "Van Heirzeele,D"]
[Black "Buhmann,R"]
[Result "0-1"]
[WhiteElo "2244"]
[BlackElo "2546"]

1.d4 d5 2.c4 c6 3.Nf3 Nf6 4.Qb3 dxc4 5.Qxc4 Bg4 6.Nbd2 Nbd7 7.g3 e6 8.Bg2 Be7
9.O-O O-O 10.b3 a5 11.Ne5 Bh5 12.Ndf3 Qb6 13.h3 Nxe5 14.Nxe5 Rfd8 15.g4 Rxd4
16.Qc2 Qc7 17.Bb2 Qxe5 18.e3 Bd6 19.Rfc1 Qh2+ 20.Kf1 Bg6  0-1

[Event "TCh-NED 2005-6"]
[Site "Netherlands NED"]
[Date "2006.02.04"]
[Round "6"]
[White "Groffen,H"]
[Black "Gulbas,C"]
[Result "1/2-1/2"]
[WhiteElo "2185"]
[BlackElo "2375"]

1.d4 d5 2.c4 c6 3.Nf3 Nf6 4.Qc2 g6 5.e3 Bg7 6.Bd3 O-O 7.O-O Nbd7 8.cxd5 Nxd5
9.a3 Qc7 10.Bd2 e5 11.Nc3 N5f6 12.Rac1 exd4 13.Nb5 Qb8 14.Nbxd4 c5 15.Nb3 b6
16.Bc3 Bb7 17.Nbd2 Qd6 18.Rfd1 Qe7 19.b4 Rac8 20.Qb2 Nh5 21.Bxg7 Nxg7 22.Bb5 Rfd8
23.h3 Nf8 24.Qe5  1/2-1/2

[Event "FSIMB February"]
[Site "Budapest HUN"]
[Date "2006.02.11"]
[Round "8"]
[White "Toth,Li"]
[Black "Brustkern,J"]
[Result "1/2-1/2"]
[WhiteElo "2215"]
[BlackElo "2240"]

1.d4 d5 2.Nf3 Nf6 3.c4 c6 4.Qb3 dxc4 5.Qxc4 Bf5 6.Nc3 e6 7.g3 Nbd7 8.Bg2 Be7
9.O-O O-O 10.e3 Ne4 11.Nd2 Nd6 12.Qe2 Bg6 13.e4 f5 14.exf5 exf5 15.d5 c5
16.f4 Bf6 17.Nf3 Bh5 18.Qc2 Bxf3 19.Bxf3 Re8 20.Bd2 Bd4+ 21.Kh1 Nf6 22.Rae1 Qd7
23.Bc1 Rxe1 24.Rxe1 Re8 25.Rxe8+  1/2-1/2

[Event "Masters"]
[Site "Bunratty IRL"]
[Date "2006.02.19"]
[Round "5"]
[White "Mendelson,A"]
[Black "Van Dijk,B"]
[Result "1/2-1/2"]
[WhiteElo "2108"]
[BlackElo "2200"]

1.d4 d5 2.c4 c6 3.Nf3 Nf6 4.Qb3 dxc4 5.Qxc4 Bf5 6.Nc3 e6 7.g3 Nbd7 8.Bg2 h6
9.O-O Be7 10.Re1 Ne4 11.Nd2 Nxd2 12.Bxd2 Nb6 13.Qb3 Qxd4 14.e4 Bg6 15.Rad1 Bh5
16.Ne2 Qa4 17.f3 Bc5+ 18.Kf1 Qxb3 19.axb3 e5 20.Bc3 f6 21.Nc1 Bf7 22.Nd3 Be7
23.b4 Na4 24.f4 Bb3 25.Rd2 Bc4 26.Kf2 O-O-O 27.Red1 Bb3 28.Ra1 Nxc3 29.bxc3 a6
30.Ke3 Kc7 31.Ra5 Bc4 32.Nb2 exf4+ 33.gxf4 Rxd2 34.Kxd2 Rd8+ 35.Ke3 Bf7 36.Nd3 Bc4  1/2-1/2

[Event "Festival de Meurthe-et-Moselle A"]
[Site "Nancy FRA"]
[Date "2006.02.22"]
[Round "4"]
[White "Brunner,N"]
[Black "Govciyan,P"]
[Result "1/2-1/2"]
[WhiteElo "2395"]
[BlackElo "2368"]

1.Nf3 d5 2.d4 c6 3.c4 dxc4 4.e3 Be6 5.a4 g6 6.Na3 Bg7 7.Bxc4 Bxc4 8.Nxc4 Nf6
9.O-O O-O 10.b4 Qd5 11.Qc2 Nbd7 12.Bb2 Nb6 13.Ncd2 a5 14.e4 Qd8 15.bxa5 Rxa5
16.Bc3 Ra6 17.Rfb1 Qc7 18.Ra3 Nfd7 19.a5 Nc8 20.Rab3 Nd6 21.Bb4 Rb8 22.e5 Nb5
23.Ne4 Nf8 24.Nc5 Raa8 25.Qc4 Rd8 26.Na4 Rxa5 27.Bxa5 Qxa5 28.Rd1 Ne6 29.Nc3 Nxc3
30.Rxc3 c5 31.Rb3  1/2-1/2

[Event "2nd ch-SCG Women"]
[Site "Tivat SCG"]
[Date "2006.02.26"]
[Round "6"]
[White "Vojinovic,J"]
[Black "Stojanovic,An"]
[Result "0-1"]
[WhiteElo "2035"]
[BlackElo "2193"]

1.d4 d5 2.Nf3 Nf6 3.c4 c6 4.Qc2 dxc4 5.Qxc4 Bf5 6.g3 e6 7.Bg2 Be7 8.O-O Nbd7
9.e3 O-O 10.Nc3 Ne4 11.Nd2 Nd6 12.Qe2 e5 13.d5 cxd5 14.Nxd5 e4 15.b3 Bf6
16.Nxf6+ Qxf6 17.Ba3 Rfe8 18.Rfd1 Nc8 19.Nc4 b5 20.Nd6 Nxd6 21.Bxd6 a6 22.Ba3 Ne5
23.Bb2 Qe6 24.Rdc1 Nd3 25.Rc2 Rac8 26.Bd4 Rxc2 27.Qxc2 Rc8 28.Qd2 Bg4 29.Rf1 Qc6
30.h3 Bh5 31.g4 Bg6 32.Qxd3 exd3 33.Bxc6 Rxc6 34.a4 d2 35.axb5 axb5 36.Ra1  0-1

[Event "1st ONGC Cup"]
[Site "Hyderabad IND"]
[Date "2006.03.01"]
[Round "6"]
[White "Sundararajan,K"]
[Black "Saptarshi,R"]
[Result "1/2-1/2"]
[WhiteElo "2495"]
[BlackElo "2363"]

1.d4 d5 2.Nf3 c6 3.c4 dxc4 4.e3 b5 5.a4 e6 6.axb5 cxb5 7.b3 Nf6 8.bxc4 bxc4
9.Bxc4 Bb4+ 10.Bd2 Bxd2+ 11.Nbxd2 O-O 12.O-O Nc6 13.Qa4 Bd7 14.Bb5 Ne7 15.Ne5 Bxb5
16.Qxb5 Qd5 17.Rfb1 Nc8 18.Nc6 Kh8 19.Nc4 Ne4 20.N4e5 f6 21.Qb4 Ned6 22.Nd7 Rf7
23.Ncb8 a5 24.Qc5 Qe4 25.Rc1 g6 26.Rxa5 Kg7 27.Rxa8 Qxa8 28.h3 Qb7 29.Qc6 Qb2
30.Qc2 Qb7 31.Rb1 Qe4 32.Qxe4 Nxe4 33.Rc1 Ncd6 34.Rc6 Nf5 35.Rxe6 Re7 36.Rxe7+ Nxe7
37.Na6 f5 38.Nac5 Nc3 39.Ne5 Ned5 40.g3 g5 41.Kg2 h5 42.h4 g4 43.Ned3 Kh6
44.Ne6 Nf6 45.Nef4 Kg7 46.Ne5 Nd1 47.d5 Ne4 48.Nxh5+ Kf8 49.Nd3 Nexf2 50.Nxf2 Nxe3+
51.Kg1 Nxd5 52.Nd1 Kg8 53.Kf2 Kh7 54.Ne3 Ne7 55.Nf4  1/2-1/2

[Event "70th ch-BUL"]
[Site "Svilengrad BUL"]
[Date "2006.03.03"]
[Round "4"]
[White "Rusev,K"]
[Black "Vasilev,M"]
[Result "1/2-1/2"]
[WhiteElo "2409"]
[BlackElo "2451"]

1.Nf3 d5 2.d4 c6 3.c4 dxc4 4.Nc3 b5 5.a4 b4 6.Ne4 Nf6 7.Ng3 e6 8.e4 Ba6 9.Bg5 h6
10.Bxf6 gxf6 11.Rc1 c3 12.bxc3 Qa5 13.Bxa6 Nxa6 14.O-O bxc3 15.Qd3 Be7 16.Rxc3 Qxa4
17.Qe3 Nb4 18.Nh5 Qa5 19.g4 Rg8 20.Kh1 Rxg4 21.Rc5 Qa6 22.Rd1 O-O-O 23.Rcc1 Qb5
24.d5 exd5 25.Nd4 Qb7 26.Nxc6 Nxc6 27.exd5 Kb8 28.f3 Rd4 29.Rxd4 Nxd4 30.Qxd4 Qxd5
31.Qf4+ Ka8 32.Ng3  1/2-1/2

[Event "1st ONGC Cup"]
[Site "Hyderabad IND"]
[Date "2006.03.05"]
[Round "10"]
[White "Sanjay,N"]
[Black "Neelotpal,D"]
[Result "1/2-1/2"]
[WhiteElo "2363"]
[BlackElo "2512"]

1.Nf3 Nf6 2.c4 c6 3.d4 d5 4.Qc2 dxc4 5.Qxc4 Bg4 6.Ne5 Be6 7.Qd3 g6 8.Nc3 Bg7
9.e4 O-O 10.Be3 Qa5 11.Qd2 Rd8 12.f4 Nbd7 13.Nxd7 Rxd7 14.Be2 Rad8 15.h3 b5
16.e5 Nd5 17.Nxd5 Qxd2+ 18.Bxd2 Bxd5 19.Kf2 e6 20.Rhc1 Bf8 21.a3 Be7 22.Be3 Rb8
23.Bf3 b4 24.a4 f6 25.Bxd5 cxd5 26.b3 fxe5 27.fxe5 Bd8 28.Ke2 Rc7  1/2-1/2

[Event "FSIMA March"]
[Site "Budapest HUN"]
[Date "2006.03.07"]
[Round "4"]
[White "Toth,Li"]
[Black "Nguyen Huynh Minh H"]
[Result "0-1"]
[WhiteElo "2215"]
[BlackElo "2217"]

1.d4 d5 2.c4 c6 3.Nf3 Nf6 4.Qb3 g6 5.Nc3 Bg7 6.cxd5 Nxd5 7.e4 Nxc3 8.bxc3 O-O
9.Be3 b6 10.Rd1 Qc7 11.h4 Bg4 12.Be2 Nd7 13.e5 c5 14.h5 Rac8 15.hxg6 hxg6
16.Rc1 Qb7 17.Bc4 e6 18.d5 Bxf3 19.dxe6 Nxe5 20.exf7+ Rxf7 21.Bxf7+ Qxf7
22.Qxf7+ Kxf7 23.gxf3 Nd3+ 24.Ke2 Nxc1+ 25.Rxc1 c4 26.Rd1 Re8 27.Rd7+ Re7
28.Rxe7+ Kxe7 29.Kd2 Kd6 30.a4 Kc6 31.Kc2 Kb7 32.a5 b5 33.Bc5 Be5 34.Kd2 Bc7
35.Bb4 Ka6 36.Kc2 Bxa5 37.Ba3 Bb6 38.Be7 Bxf2 39.Bd8 Bb6 40.Be7 Ka5 41.Bf8 Ka4
42.Be7 a5 43.Bf8 b4 44.cxb4 axb4 45.Bg7 Ka3 46.Bf8 Ba5  0-1

[Event "SFch-NED"]
[Site "Hilversum NED"]
[Date "2006.03.18"]
[Round "2.1"]
[White "Wemmers,X"]
[Black "Smeets,J"]
[Result "1-0"]
[WhiteElo "2411"]
[BlackElo "2550"]

1.d4 d5 2.c4 c6 3.Nf3 Nf6 4.Qc2 g6 5.Bf4 Qb6 6.e3 Bf5 7.Qb3 Nbd7 8.h3 Bxb1
9.Rxb1 Qa5+ 10.Qc3 Qxa2 11.Qc2 Bg7 12.Bd3 Qa5+ 13.b4 Qd8 14.O-O a6 15.b5 dxc4
16.Bxc4 axb5 17.Bxf7+ Kxf7 18.Ng5+ Kg8 19.Qb3+ Nd5 20.e4 Nf6 21.Rfe1 Qd7
22.exd5 Nxd5 23.Re4 Bf6 24.Rbe1 b4 25.Bc1 Ra1 26.h4 Kg7 27.Ne6+ Kf7 28.h5 Nc3
29.R4e3 Rb1 30.Ng5+ Ke8 31.Qf7+ Kd8 32.Nxh7 Rxh7 33.Qxh7 gxh5 34.Rxc3 bxc3
35.Qxb1 Bxd4 36.Qe4 e5 37.Be3 Qg4 38.Bxd4 exd4 39.Qe7+ Kc8 40.Ra1 Qd7 41.Ra8+ Kc7
42.Qe5+  1-0

[Event "TCh-HUN 2005-6"]
[Site "Hungary HUN"]
[Date "2006.03.19"]
[Round "9"]
[White "Berebora,F"]
[Black "Racz,Z"]
[Result "0-1"]
[WhiteElo "2391"]
[BlackElo "2329"]

1.d4 d5 2.c4 c6 3.Nf3 Nf6 4.Qb3 e6 5.Bg5 Be7 6.e3 Nbd7 7.Nc3 a6 8.Rd1 O-O
9.Bd3 b5 10.cxd5 cxd5 11.O-O Bb7 12.Ne5 Nxe5 13.dxe5 Ng4 14.Bf4 Qb8 15.e4 Nxe5
16.Bxe5 Qxe5 17.exd5 exd5 18.Rfe1 Qg5 19.a4 b4 20.Ne2 Bd6 21.Nd4 g6 22.g3 Rfe8
23.Bf1 Bc5 24.Qd3 Rxe1 25.Rxe1 Qf6 26.Rd1 a5 27.Bg2 Bxd4 28.Qxd4 Qxd4 29.Rxd4 Kf8
30.Kf1 Rc8 31.Ke2 Rc5 32.Kd2 Ke7 33.Bf1 Bc6 34.b3 Kd6 35.Be2 Ke5 36.Rf4 f5
37.h4 Rc3 38.Bd1 d4  0-1

[Event "Open"]
[Site "Bad Woerishofen GER"]
[Date "2006.03.23"]
[Round "7"]
[White "Burmakin,V"]
[Black "Skembris,S"]
[Result "1-0"]
[WhiteElo "2519"]
[BlackElo "2451"]

1.d4 d5 2.Nf3 c6 3.c4 Nf6 4.Qb3 g6 5.cxd5 Qxd5 6.Nc3 Qxb3 7.axb3 Bf5 8.Nd2 Bh6
9.e3 Nbd7 10.Nc4 O-O 11.f3 Nb6 12.Na5 Rab8 13.e4 Bxc1 14.Rxc1 Bd7 15.Kf2 Rfd8
16.Be2 Nh5 17.Rhd1 f5 18.Ke3 Nf6 19.h3 h5 20.b4 a6 21.d5 cxd5 22.e5 Ne8 23.Nxd5 Nxd5+
24.Rxd5 e6 25.Rd4 Kf7 26.Rcd1 Ke7 27.Bxa6 bxa6 28.Rxd7+ Rxd7 29.Nc6+ Kf8
30.Rxd7 Rb6 31.Nd4 Ng7 32.b5 axb5 33.Kf4 h4 34.Kg5 Nh5 35.Ra7 b4 36.Kxg6 Nf4+
37.Kg5 Nxg2 38.Kf6 Ke8 39.Nxe6 Rxe6+ 40.Kxe6 Nf4+ 41.Kd6 Nxh3 42.e6  1-0

[Event "TCh-CZE Extraliga 2005-6"]
[Site "Czech Rep CZE"]
[Date "2006.03.25"]
[Round "10"]
[White "Vokoun,J"]
[Black "Haba,P"]
[Result "0-1"]
[WhiteElo "2294"]
[BlackElo "2519"]

1.d4 d5 2.Nf3 Nf6 3.c4 c6 4.Qc2 dxc4 5.Qxc4 Bf5 6.Nc3 e6 7.g3 Be7 8.Bg2 Nbd7
9.O-O O-O 10.Re1 Ne4 11.Rd1 Nxc3 12.Qxc3 Be4 13.b3 a5 14.a3 Nf6 15.Ne5 Bxg2
16.Kxg2 Qd5+ 17.f3 Qb5 18.Qc4 Rfd8 19.Bb2 Nd5 20.Rd3 f6 21.Ng4 a4 22.e4 Nc7
23.Rc1 axb3 24.Rxb3 Qxc4 25.Rxc4 Nb5 26.a4 Nd6 27.Rcb4 b5 28.axb5 cxb5 29.e5 fxe5
30.dxe5 Nc4 31.Rxb5 Rd2+ 32.Kh3 h5 33.Nf6+ gxf6 34.exf6 Bf8 35.Bc1 Rd5 36.Rb7 Nd6
37.Rc7 Rc8 38.Rxc8 Nxc8 39.g4 Kf7 40.Kh4 Nd6 41.Bg5 hxg4 42.fxg4 Ne4 43.Rb7+ Kg6
44.Bf4 Nxf6 45.Rb6 Kf7 46.h3 Be7 47.Rb7 Rd7 48.Rb1 Kg6 49.Re1 Nh5+ 50.g5 Nxf4  0-1

[Event "TCh-BEL 2005-6"]
[Site "Belgium BEL"]
[Date "2006.03.26"]
[Round "11"]
[White "Sadkowsky,D"]
[Black "Eliet,N"]
[Result "1/2-1/2"]
[WhiteElo "2304"]
[BlackElo "2434"]

1.d4 d5 2.c4 c6 3.Nf3 dxc4 4.e3 Be6 5.a4 Nf6 6.Na3 c5 7.Nxc4 cxd4 8.exd4 Nc6
9.Nce5 Bd5 10.Be2 e6 11.O-O Be7 12.Nxc6 bxc6 13.a5 Rb8 14.Qc2 Be4 15.Bd3 Bxf3
16.gxf3 O-O 17.Rd1 Qd5 18.Be4 Nxe4 19.fxe4 Qh5 20.Bf4 Qg4+ 21.Bg3 f5 22.f3 Qg5
23.Kh1 f4 24.Bf2 Qh5 25.Rd3 Rf6 26.Rg1 Rh6 27.Rg2 Qxa5 28.Rc3 Qh5 29.Bg1 Rf8
30.Qa4 Bh4 31.Qxc6 Bg3 32.Qd7 Rg6 33.Rc8 h6 34.Rxf8+ Kxf8 35.Qd8+ Kf7 36.d5 Qxf3
37.dxe6+ Rxe6 38.Qd7+ Re7 39.Qf5+ Kg8 40.hxg3 Rxe4 41.Qc8+  1/2-1/2

[Event "22nd Spring Festival Open"]
[Site "Budapest HUN"]
[Date "2006.03.27"]
[Round "5"]
[White "Mizsei,J"]
[Black "Mitscherling,A"]
[Result "0-1"]
[WhiteElo "2157"]
[BlackElo "2247"]

1.d4 d5 2.c4 c6 3.Nf3 Nf6 4.g3 dxc4 5.Bg2 Bf5 6.O-O e6 7.Nc3 Bb4 8.Ne5 O-O
9.e4 Bxc3 10.bxc3 Bxe4 11.Bxe4 Nxe4 12.Nxc4 Nxc3 13.Qd3 Qxd4 14.Qxd4 Ne2+
15.Kg2 Nxd4 16.Ba3 Rd8 17.Rad1 Na6 18.Bd6 Nf5 19.Bf4 Rd5 20.g4 Nh4+ 21.Kg3 Ng6
22.Be3 b6 23.a4 Rad8 24.Rc1 c5 25.a5 b5 26.Na3 c4 27.Bxa7  0-1

[Event "22nd Spring Festival Open"]
[Site "Budapest HUN"]
[Date "2006.03.28"]
[Round "6"]
[White "Schacht,H"]
[Black "Revesz,Z"]
[Result "1/2-1/2"]
[WhiteElo "2292"]
[BlackElo "2170"]

1.d4 d5 2.c4 c6 3.Nf3 Nf6 4.Qb3 dxc4 5.Qxc4 Bf5 6.g3 e6 7.Bg2 Nbd7 8.O-O h6
9.Nc3 Bd6 10.Re1 e5 11.dxe5 Nxe5 12.Nxe5 Bxe5 13.e4 Be6 14.Qe2 O-O 15.h3 Qa5
16.Qc2 Rad8  1/2-1/2

[Event "VIII Rector Cup w"]
[Site "Kharkiv UKR"]
[Date "2006.03.31"]
[Round "4"]
[White "Dvoretska,O"]
[Black "Doluhanova,E"]
[Result "0-1"]
[WhiteElo "2148"]
[BlackElo "2301"]

1.d4 d5 2.c4 c6 3.Nf3 Nf6 4.Qc2 g6 5.cxd5 cxd5 6.Nc3 Bg7 7.Bf4 O-O 8.e3 Nc6
9.Be2 Qb6 10.O-O Bf5 11.Qd2 Rac8 12.Nh4 Be6 13.Na4 Qd8 14.Nf3 Ne4 15.Qd1 Qa5
16.Ng5 Nxg5 17.Bxg5 h6 18.Bh4 g5 19.Bg3 Bf5 20.Nc5 Qb6 21.Bg4 Bxg4 22.Qxg4 Qxb2
23.h4 b6 24.Nd7 Rfd8 25.hxg5 hxg5 26.Rab1 Qc2 27.Ne5 Nxe5 28.Bxe5 Qg6 29.Bxg7 Kxg7
30.Rb5 e6 31.e4 Rc4 32.exd5 Rxd5 33.Rxd5 exd5 34.Qd7 Rxd4 35.Qxa7 Rh4 36.Qe7 Qh6
37.Qe5+ Kg6 38.f3 Rh1+ 39.Kf2 Qh4+ 40.g3 Rh2+ 41.Ke3 Qc4 42.Re1 Qc5+ 43.Qd4 Qe7+
44.Kd3 Qxe1 45.Qxb6+ f6  0-1

[Event "FSIM April"]
[Site "Budapest HUN"]
[Date "2006.04.03"]
[Round "3"]
[White "Toth,Li"]
[Black "Arngrimsson,D"]
[Result "0-1"]
[WhiteElo "2215"]
[BlackElo "2298"]

1.d4 d5 2.c4 c6 3.Nf3 Nf6 4.Qb3 dxc4 5.Qxc4 Bf5 6.Nc3 e6 7.g3 Be7 8.Bg2 h6
9.O-O Nbd7 10.e3 O-O 11.Qe2 Ne4 12.Nd2 Nxd2 13.Bxd2 e5 14.d5 Nb6 15.e4 Bg6
16.dxc6 bxc6 17.Rfd1 Qc7 18.Rac1 Bc5 19.b4 Bxb4 20.Nd5 Nxd5 21.exd5 Bxd2
22.Qxd2 e4 23.Rxc6 Qe5 24.d6 Rab8 25.d7 Bh5 26.Rdc1 Bg4 27.h3 Be6 28.R6c5 e3
29.Qxe3 Qxe3 30.fxe3 Bxd7 31.Rc7 Be6 32.Rxa7 Rb2 33.a4 Rd8 34.Be4 Rb4 35.Bf3 Rd3
36.Re1 Ra3 37.a5 Bxh3 38.Ra8+ Kh7 39.a6 Rb2 40.a7 Rba2 41.Re2 Ra1+ 42.Kh2 Be6
43.g4 Rxa7 44.Rxa7 Rxa7 45.Kg3 Ra3 46.e4 g6 47.Kf2 Kg7 48.Rc2 Kf6 49.Rc5 Ke7
50.Rb5 Rc3 51.Ra5 Kd6 52.e5+ Ke7 53.Kg2 Bc4 54.Be4 Be6 55.Ra7+ Kf8 56.Bf5 Bd5+
57.Kf2 Rf3+ 58.Ke2 Rf4 59.Ra3 h5 60.Re3 hxg4 61.Bd7 Ke7 62.Bc8 Bf3+ 63.Ke1  0-1

[Event "FSIM April"]
[Site "Budapest HUN"]
[Date "2006.04.12"]
[Round "12"]
[White "Mamut,I"]
[Black "Arngrimsson,D"]
[Result "1/2-1/2"]
[WhiteElo "2276"]
[BlackElo "2267"]

1.d4 d5 2.c4 c6 3.Nf3 Nf6 4.Qc2 g6 5.g3 Na6 6.Bg2 Nb4 7.Qb3 a5 8.cxd5 Bf5
9.Na3 Qxd5 10.Qxd5 cxd5 11.O-O Bg7 12.Bf4 O-O 13.Nb5 Rac8  1/2-1/2

[Event "FSIM April"]
[Site "Budapest HUN"]
[Date "2006.04.12"]
[Round "12"]
[White "Toth,Li"]
[Black "Nguyen Huynh Minh H"]
[Result "1/2-1/2"]
[WhiteElo "2229"]
[BlackElo "2294"]

1.d4 d5 2.c4 c6 3.Qc2 Nf6 4.Nf3 g6 5.cxd5 cxd5 6.Nc3 Bg7 7.Bf4 O-O 8.h3 Nc6
9.a3 Qa5 10.Rc1 Bf5  1/2-1/2